Statistiques concernant 10 plus grands buteurs All-Time

Cliquez ici pour prendre le quiz!

Statistiques générales

  • Ce quiz a été pris 171 fois
  • Le résultat moyen est 5 sur 10

Statistiques - réponses

HintRéponse% Correct
832 butsCristiano Ronaldo
100%
803 butsLionnel Messi
99%
757 butsPelé
93%
621 butsRobert Lewandowski
44%
735 butsGerd Müller
43%
746 butsFerenc Puskas
37%
631 butsEusébio
15%
772 butsRomario
14%
805 butsJosef Bican
10%
576 butsFerenc Deak
0%

Distribution des résultats

Percentile par nombre de réponses

% des personnes avec chaque résultat

Votre développement - résultats

Vous n’avez pas pris ce quiz